000 01264cam a2200337 i 4500
001 768714001
003 CO-MdFUSB
005 20230201104731.0
007 ta
008 180223t19711972enk||||g |||| 00| 0 eng d
020 _a334011442
040 _aCO-MdFUSB
_bspa
_cCO-MdFUSB
_dCO-MdFUSB
_erda
041 _aeng
082 _224
_a232.954
_bJ55th
100 1 _aJeremias, Joachim
_eautor
245 1 0 _aNew Testament theology
_b: the proclamation of Jesus
_c/ Joachim Jeremias ; traducido por John Bowden
264 1 _aLondon :
_bSCM Press,
_c℗1972
264 4 _c©1971
300 _axv, 330 páginas
_c23 cm
336 _2rdacontent
_atexto
_btxt
337 _2rdamedia
_asin mediación
_bn
338 _2rdacarrier
_avolumen
_bnc
490 _aThe New Testament Theology
505 _aLa proclamación de Jesús -- ¿Qué tan confiable es la tradición de los dichos de Jesús? -- La misión de Jesús -- El amanecer del tiempo de la salvación -- El período de gracia -- El nuevo pueblo de Dios -- El testimonio de Jesús a su misión -- Pascua
563 _aRústico
630 0 7 _aBiblia.
_pNuevo Testamento
_xCrítica, interpretación, etc.
650 7 _9320
_aTeología bíblica
942 _cBK
945 _aJTF-925
999 _c46537
_d46537